| 000 | 01230cam a2200241 4500 | ||
|---|---|---|---|
| 001 | 2660300 | ||
| 005 | 20131023152825.0 | ||
| 008 | 721201r19871972nyu r 000 1 eng | ||
| 010 | _a 72013127 | ||
| 020 | _a0393304426 | ||
| 020 | _a9780393304428 | ||
| 040 |
_aDLC _cDLC _dDLC |
||
| 050 | 0 | 0 |
_aPZ3.F7735 _bLi4 _aPR6011.O58 |
| 082 | 0 | 0 |
_a823.912 _222 _bFOR |
| 100 | 1 |
_aForster, E. M. _q(Edward Morgan), _d1879-1970. _933591 |
|
| 245 | 1 | 4 |
_aThe life to come, and other short stories / _cE. M. Forster |
| 260 |
_aNew York: _bW. W. Norton, _c1987 |
||
| 300 |
_axxi, 240 p. _c22 cm. |
||
| 505 | _aAnsell -- Albergo Empedocle -- The purple envelope -- The helping hand -- The rock -- The life to come -- Dr. Woolacott -- Arthur Snatchfold -- The obelisk -- What does it matter? : a morality -- The classical annex -- The torque -- The other boat. Three courses and a dessert : being a new and gastronomic version of the old game of consequences. First course / Christopher Dilke -- The second course / E.M. Forster -- The third course / A.E. Coppard -- The dessert / James Laver. | ||
| 651 | 0 |
_aGreat Britain _xSocial life and customs _y20th century _xFiction. _934203 |
|
| 653 |
_bENG _cOctober2013 |
||
| 942 |
_2ddc _cBB |
||
| 999 |
_c17675 _d17647 |
||